Score 0/68 Timer 10:00
0 Plays Today
% Correct
Blue Devils
84.7%
Ducks
84.7%
Fighting Irish
84.6%
Tar Heels
83.8%
Gators
83.8%
Badgers
83.8%
Cardinals
82.6%
Wolverines
82.6%
Seminoles
82.5%
Spartans
82.1%
Jayhawks
81.9%
Bruins
81.9%
Razorbacks
81.4%
Wildcats
81.3%
Boilermakers
81.3%
Hurricanes
80.9%
Terrapins
80.6%
Wildcats
80.2%
Bears
80.1%
Bulldogs
79.6%
Golden Gophers
78.3%
Wildcats
78%
Bearcats
77.6%
Shockers
76.2%
Cavaliers
76%
Demon Deacons
75.6%
Wildcats
75.5%
Cowboys
75.4%
Bulldogs
74.9%
Hokies
74.8%
Cyclones
74.4%
Mustangs
73.3%
Trojans
73%
Trojans
72.7%
% Correct
Flyers
71.7%
Commodores
70.7%
Wildcats
70%
Bluejays
65.9%
Gamecocks
64.7%
Friars
63.6%
Mountaineers
62.5%
Wolf Pack
59.6%
Pirates
59.3%
Golden Eagles
57%
Musketeers
56.7%
Rams
54.6%
Gaels
54%
Eagles
54%
Bison
51.7%
Jackrabbits
51.6%
Rams
51.3%
Tigers
50.9%
Golden Flashes
50.8%
Catamounts
50%
Blue Raiders
44.6%
Gaels
44.6%
Aggies
44.3%
Gamecocks
41.9%
Eagles
41.7%
Aggies
39.8%
Mountaineers
39.8%
Tigers
35.3%
Norse
33.9%
Seahawks
32%
Privateers
31.1%
Fighting Hawks
22%
Buccaneers
21.1%
Eagles
20.9%
Remove Ads.
Support Sporcle.
Get the best of Sporcle when you Go Orange. This ad-free experience offers more features, more stats, and more fun while also helping to support Sporcle. Thank you for becoming a member.

You're not logged in!

Compare scores with friends on all Sporcle quizzes.
OR
Log In

Show Comments

Extras

Top Quizzes Today


Score Distribution

Your Account Isn't Verified!

In order to create a playlist on Sporcle, you need to verify the email address you used during registration. Go to your Sporcle Settings to finish the process.

Report this User

Report this user for behavior that violates our Community Guidelines.

Details: